Prezentácia položiek súvahy v horizontálnej forme a vertikálnej forme diplomová práca

Salvato in:
Dettagli Bibliografici
Autore principale: Binderová, Dušana
Ente Autore: Fakulta hospodárskej informatiky EU. Katedra účtovníctva a audítorstva
Altri autori: Šlosárová, Anna
Natura: Libro
Lingua:slovacco
Pubblicazione: Bratislava 2018
Tags: Aggiungi Tag
Nessun Tag, puoi essere il primo ad aggiungerne!!

MARC

LEADER 00000nbm a2200000 4500
001 0243513
005 20181108090927.4
041 0 |a slo 
044 |a SK 
245 1 0 |a Prezentácia položiek súvahy v horizontálnej forme a vertikálnej forme  |b diplomová práca  |c Dušana Binderová ; školiteľ: Anna Šlosárová 
264 1 |a Bratislava  |c 2018 
300 |a 64 s. 
100 1 |a Binderová, Dušana 
700 1 |a Šlosárová, Anna 
710 2 |a Fakulta hospodárskej informatiky EU. Katedra účtovníctva a audítorstva